000 00442nam a2200181Ia 4500
001 1231
005 20260306140616.0
008 260306t2021||||xx |||||||||||||| ||spa||
041 _aESP
082 _a189.4
_bP54 2021
100 _aPieper, Josef
_eAUT
245 0 _aIntroducción a Tomás de Aquino:
_bdoce lecciones
260 _c2021
300 _a182 páginas :
_c21 cm.
650 _aGEN
654 _aCHU
942 _cLIB
_dJUS
_fJUS
_2ddc
_n
999 _c1231
_d1231